000 00183nmm a2200085Ia 4500
008 150209s2015||||xx |||||||||||||||||und||
100 _aKUNDERS, GD
245 _aHOSPITAL
942 _2ddc
_cCD
999 _c5990
_d5990